Un elefante ocupa mucho espacio /

Guardado en:
Autor Principal: Bornemann, Elsa.
Otros Autores: O´Kif-MG; il.
Formato: Libro
Publicado: Buenos Aires : Alfaguara, 2006.
Edición:2a. ed.
Series:Alfaguara Infantil. Morada
Materias:
Etiquetas: Agregar Etiqueta
Sin Etiquetas, Sea el primero en etiquetar este registro!
LEADER 01132nam a22002415a 4500
001 CEM.cems018562
008 130507s2006##################000#0#####d
005 20221018085655.0
245 1 0 |a Un elefante ocupa mucho espacio /  |c Elsa Bornemann, ilustrado por O'kif-MG. 
250 |a 2a. ed. 
260 |a Buenos Aires :  |b Alfaguara,  |c 2006. 
300 |a 108p. ; 20cm. 
490 0 |a Alfaguara Infantil. Morada 
505 0 |a UN elefante ocupa mucho espacio -- Postranca negra -- Caso Gaspar -- Una trenza tan larga -- Pablo -- Cuando fallan los espejos -- El pasaje de la Oca -- Niebla voladora -- Sobre la falda -- Cuento gigante -- La madrastra -- El año verde -- Donde se cuentan las fechorías del Comesol -- La casa-árbol -- Cuento con caricia -- Acerca de un elefante ocupa mucho espacio 
020 |a 9870403174 
100 1 |a Bornemann, Elsa. 
700 1 |a O´Kif-MG; il. 
082 0 4 |a A863.4 
653 |a Literatura infantil 
653 |a Literatura juvenil 
653 |a Cuentos 
859 |a CEMS  |b BIB. CEMS - Inicial y Primaria  |h A868.4  |i B645-2  |k IP  |p 2033  |t Ej.1 
859 |a CEMS  |b BIB. CEMS - Agricultura  |h A863.4  |i B645-2  |p A2927.17  |t Ej.1